Platební styk v Evropské unii

Súčasné platobné systémy v Európskej únii. TARGET (Trans-European automated real-time gross-settlement express transfer). EURO1 - cezhraničný platobný systém. STEP1 cezhraničný retailový platobný systém. CLS (Continuous linked settlement) viacmenový systém pre zúčtovanie devízových transakcií na PV...

Ausführliche Beschreibung

Gespeichert in:
Bibliographische Detailangaben
1. Verfasser: Pantůčková, Jitka
Format: Buchkapitel
Sprache:Tschechisch
Schlagworte:
Tags: Tag hinzufügen
Keine Tags, Fügen Sie das erste Tag hinzu!

MARC

LEADER 00000naa$a2200000$$$4500
001 0005448
005 20231004073430.2
041 0 |a cze 
044 |a CZ 
245 1 0 |a Platební styk v Evropské unii  |c aut. Jitka Pantůčková 
520 |a Súčasné platobné systémy v Európskej únii. TARGET (Trans-European automated real-time gross-settlement express transfer). EURO1 - cezhraničný platobný systém. STEP1 cezhraničný retailový platobný systém. CLS (Continuous linked settlement) viacmenový systém pre zúčtovanie devízových transakcií na PVP základe. Legislatívny rámec. Jednotný eurový platobný priestor. Platobný styk Európskej menovej únie stojí na rázcestí. Potreba vytvárania integrovaného európskeho platobného prostredia, ktoré by bolo využívané obchodnými i centrálnymi bankami krajín eurozóny. 
610 2 0 |a styk platobný 
610 2 0 |a Európska únia 
610 2 0 |a platby obchodné 
610 2 0 |a integrácia 
610 2 0 |a operácie bankové 
610 2 0 |a legislatíva 
610 2 0 |a systémy platobné 
610 2 0 |a zúčtovanie bezhotovostné 
100 1 |a Pantůčková, Jitka